000
00270nam a2200097Ia 4500
001
653890
005
20250826154507.0
008
250824s9999 xx 000 0 und d
245
0
_a
KILIÇASLAN SELÇUKLU'NUN KILICI
_c
İBRAHİM ÜNSAL
260
_b
GENÇ HAYAT ÇOCUK YAYINLARI
999
_c
653890
_d
653890